[Event "Team men PL chess 2021"]
[Site "?"]
[Date "2021.05.04"]
[Round "4.9"]
[White "Usmanov, Vasily"]
[Black "Timofeev, Artyom"]
[Result "1/2-1/2"]
[WhiteElo "2443"]
[BlackElo "2594"]
[PlyCount "276"]
[EventDate "2021.??.??"]

1.c4 Nf6 2.Nc3 d5 3.cxd5 Nxd5 4.g3 g6 5.Bg2 Nb6 6.a4 a5 7.h4
h6 8.d3 c6 9.Be3 Na6 10.Nf3 Bg7 11.Qd2 Nb4 12.O-O N6d5 13.Bd4
Nf6 14.Na2 Nxa2 15.Rxa2 Be6 16.Ra3 Bd5 17.e4 Be6 18.b4 O-O 19.Rb1
Bc8 20.b5 Bd7 21.bxc6 Bxc6 22.Qb2 Qc8 23.Ne5 Rd8 24.Bc3 Qe6 25.Bf3
g5 26.hxg5 hxg5 27.Be2 Rac8 28.Qb3 Qxb3 29.Rbxb3 Ra8 30.Nc4 Nd7
31.Bxa5 Re8 32.Bd2 Nc5 33.Rb4 Nxa4 34.Bxg5 b5 35.Nd2 Nc3 36.Rxa8
Nxe2+ 37.Kf1 Nxg3+ 38.fxg3 Rxa8 39.d4 e6 40.d5 Bc3 41.Rb3 Bxd2
42.Bxd2 exd5 43.Rc3 Ra6 44.exd5 Bxd5 45.Rc8+ Kh7 46.Rb8 Kg6 47.Kf2
Bc4 48.g4 Kf6 49.Re8 Ra3 50.Be3 Be6 51.Bd4+ Kg5 52.Rg8+ Kf4 53.g5
Ra2+ 54.Ke1 Ke4 55.Rd8 b4 56.Bf6 Bd5 57.Kd1 b3 58.Kc1 Rc2+ 59.Kb1
Rg2 60.Rd6 Be6 61.Rd4+ Ke3 62.Ra4 Bf5+ 63.Ka1 Kd3 64.Rd4+ Kc2
65.Rc4+ Kd1 66.Rd4+ Kc1 67.Rc4+ Bc2 68.Rc7 Rg4 69.Bb2+ Kd1 70.Rd7+
Ke2 71.Bf6 Ra4+ 72.Kb2 Ra2+ 73.Kc1 Bf5 74.Re7+ Kd3 75.Bb2 Ra8
76.Rxf7 Rc8+ 77.Kb1 Be4 78.Bf6 Kd2+ 79.Kb2 Rc2+ 80.Ka3 Ra2+ 81.Kb4
b2 82.Bxb2 Rxb2+ 83.Kc5 Ke3 84.Rf1 Rg2 85.Re1+ Kf4 86.Kd4 Bf5
87.Rf1+ Kxg5 88.Ke5 Re2+ 89.Kd5 Kf6 90.Rd1 Re7 91.Rd4 Re8 92.Rh4
Rd8+ 93.Kc5 Ke5 94.Rh5 Rc8+ 95.Kb5 Ke4 96.Kb6 Rc1 97.Kb5 Bd7+
98.Kb6 Kd4 99.Rh2 Rb1+ 100.Kc7 Bf5 101.Re2 Kd5 102.Rd2+ Kc5 103.Re2
Bd3 104.Re5+ Kd4 105.Rh5 Be4 106.Rh2 Kc5 107.Kd7 Bd5 108.Rc2+
Bc4 109.Ke7 Rf1 110.Ke8 Rf4 111.Kd7 Rf7+ 112.Kc8 Kd5 113.Kb8
Ba6 114.Rc7 Rf8+ 115.Ka7 Kd6 116.Rc1 Be2 117.Kb6 Rb8+ 118.Ka5
Kd5 119.Ka4 Kd4 120.Ka3 Rb6 121.Rc2 Bd3 122.Rb2 Rc6 123.Kb4 Rc7
124.Ka5 Rc8 125.Rb6 Kc4 126.Rb4+ Kc3 127.Rb7 Rc6 128.Ra7 Bc4
129.Ra8 Kd4 130.Rb8 Ra6+ 131.Kb4 Ra1 132.Rd8+ Bd5 133.Kb5 Rb1+
134.Ka4 Rb7 135.Rc8 Bc4 136.Ka5 Rb5+ 137.Ka4 Kc3 138.Rc6 Rh5 1/2-1/2

[Event "Team men PL chess 2021"]
[Site "?"]
[Date "2021.05.04"]
[Round "4.10"]
[White "Samusenko, Maksim"]
[Black "Pershin, Denis"]
[Result "1-0"]
[WhiteElo "2469"]
[BlackElo "2391"]
[PlyCount "53"]
[EventDate "2021.??.??"]

1.e4 c6 2.Nc3 d5 3.Nf3 Bg4 4.h3 Bxf3 5.Qxf3 e6 6.Be2 Nf6 7.O-O
Bc5 8.Rd1 Bd4 9.Qf4 dxe4 10.d3 exd3 11.Bxd3 Bxc3 12.bxc3 Qe7
13.Qg3 O-O 14.Rb1 b6 15.Bg5 Nbd7 16.Rb4 Rfd8 17.Rf4 e5 18.Bxh7+
Kf8 19.Rh4 Qe6 20.Be4 Nc5 21.Re1 Ncxe4 22.Rexe4 Re8 23.f4 exf4
24.Bxf6 gxf6 25.Rh8+ Ke7 26.Rxe6+ Kxe6 27.Rxe8+ 1-0

[Event "Team men PL chess 2021"]
[Site "?"]
[Date "2021.05.04"]
[Round "4.11"]
[White "Saveliev, Alexei"]
[Black "Faizrakhmanov, Ramil"]
[Result "1-0"]
[WhiteElo "2372"]
[BlackElo "2487"]
[PlyCount "99"]
[EventDate "2021.??.??"]

1.e4 c6 2.d4 d5 3.exd5 cxd5 4.Bd3 Nc6 5.c3 Qc7 6.Ne2 Bg4 7.O-O
e6 8.Qe1 Nf6 9.Bf4 Bd6 10.Bxd6 Qxd6 11.Ng3 O-O 12.h3 Bh5 13.Nd2
Rae8 14.f4 Bg6 15.Bxg6 hxg6 16.Qe2 Ne7 17.Rae1 Nf5 18.Nh1 Qc7
19.g4 Nd6 20.Nf2 b5 21.Nd3 Nfe4 22.Rf3 f6 23.h4 a5 24.a3 Qc8
25.Rh3 Rf7 26.Nf3 Nc4 27.Qg2 Kf8 28.h5 gxh5 29.Rxh5 Ncd6 30.f5
exf5 31.Nf4 g5 32.Nxd5 Qe6 33.Rh8+ Kg7 34.Rxe8 Nxe8 35.Nh4 N8d6
36.Nf4 Qd7 37.Nxf5+ Nxf5 38.gxf5 Nd6 39.Ne6+ Kg8 40.Qa8+ Nc8
41.Re2 a4 42.Qf3 Rh7 43.Nc5 Qd8 44.Re6 Rh6 45.Qb7 Rh7 46.Qxb5
Ne7 47.Ne4 Rh4 48.Nxf6+ Kf7 49.Qe5 Qf8 50.Ne4 1-0

[Event "Team men PL chess 2021"]
[Site "?"]
[Date "2021.05.04"]
[Round "4.12"]
[White "Gaifullin, Artur"]
[Black "Timerkhanov, Alexander"]
[Result "0-1"]
[WhiteElo "2450"]
[BlackElo "2403"]
[PlyCount "130"]
[EventDate "2021.??.??"]

1.d4 d5 2.Nf3 Nf6 3.c4 c6 4.Nc3 a6 5.g3 dxc4 6.Bg2 b5 7.O-O Bb7
8.e4 e6 9.e5 Nd5 10.Ne4 h6 11.Nh4 Be7 12.Qh5 g6 13.Nxg6 fxg6
14.Qxg6+ Kd7 15.Bh3 Qg8 16.Qh5 Kc7 17.Nf6 Qf8 18.Bxe6 Nxf6 19.exf6
Qxf6 20.Re1 Bd6 21.Bd2 Bc8 22.Ba5+ Kb7 23.Qh3 Bc7 24.Bc3 Rf8
25.Bxc8+ Rxc8 26.Re6 Qf3 27.Re3 Qd5 28.Re7 a5 29.Rae1 b4 30.Bd2
Na6 31.Rd7 Qf3 32.Qf1 Re8 33.Be3 Rad8 34.Rh7 Rh8 35.Rxh8 Rxh8
36.Qxc4 h5 37.h4 Re8 38.Qe2 Qxe2 39.Rxe2 Bb6 40.Rd2 Nc7 41.Kg2
Nd5 42.Kf3 Ka6 43.Bg5 a4 44.Rd1 Kb5 45.g4 Rf8+ 46.Ke4 hxg4 47.h5
Nf6+ 48.Bxf6 Rxf6 49.Rh1 Rxf2 50.h6 Re2+ 51.Kd3 Re8 52.h7 Rh8
53.Rh5+ c5 54.b3 axb3 55.axb3 g3 56.Ke2 Kc6 57.d5+ Kd7 58.Kf3
Bc7 59.Kg2 Bd6 60.Rh6 Bf4 61.Rf6 Be5 62.Rh6 Rf8 63.Kg1 Ra8 64.Rg6
Ra2 65.Rg4 Rh2 0-1

[Event "Team men PL chess 2021"]
[Site "?"]
[Date "2021.05.04"]
[Round "4.13"]
[White "Predke, Alexandr"]
[Black "Motylev, Alexander"]
[Result "1/2-1/2"]
[WhiteElo "2690"]
[BlackElo "2641"]
[PlyCount "74"]
[EventDate "2021.??.??"]

1.d4 Nf6 2.c4 e6 3.Nf3 d5 4.g3 Bb4+ 5.Bd2 Be7 6.Bg2 O-O 7.O-O
Nbd7 8.Qc2 c6 9.Bg5 h6 10.Bf4 a5 11.Rd1 a4 12.Ne5 Nxe5 13.dxe5
Nd7 14.Nc3 dxc4 15.a3 Qa5 16.Qe4 Re8 17.h4 Nc5 18.Qxc4 b5 19.Qb4
Qa6 20.Bxh6 gxh6 21.Qg4+ Kh7 22.Qh5 Rf8 23.Rd4 f5 24.exf6 Rxf6
25.Ne4 Rf5 26.Qe8 Qa7 27.Rad1 Ba6 28.Qxc6 Bb7 29.Qc7 Bxe4 30.Qxa7
Rxa7 31.Bxe4 Nxe4 32.Rxe4 Rd5 33.Rc1 Rd2 34.Rb1 Bf6 35.b3 Rb2
36.Rxb2 Bxb2 37.Rb4 Bxa3 1/2-1/2

[Event "Team men PL chess 2021"]
[Site "?"]
[Date "2021.05.04"]
[Round "4.14"]
[White "Goryachkina, Aleksandra"]
[Black "Malakhov, Vladimir"]
[Result "1/2-1/2"]
[WhiteElo "2593"]
[BlackElo "2665"]
[PlyCount "61"]
[EventDate "2021.??.??"]

1.d4 d5 2.c4 c6 3.Nf3 Nf6 4.Nc3 dxc4 5.a4 Bf5 6.e3 e6 7.Bxc4
Bb4 8.O-O Nbd7 9.Qe2 Bg4 10.h3 Bxf3 11.Qxf3 O-O 12.Rd1 Rc8 13.e4
e5 14.Be3 Qe7 15.d5 Nb6 16.Bb3 cxd5 17.Nxd5 Nbxd5 18.Bxd5 Nxd5
19.Rxd5 b6 20.Rad1 Rcd8 21.Qg4 Rxd5 22.Rxd5 Rd8 23.Bh6 g6 24.Qd1
Rd6 25.Qd3 Bc5 26.Rxd6 Qxd6 27.Qa6 Qd1+ 28.Kh2 Qd7 29.Kg1 Qd1+
30.Kh2 Qd7 31.Kg1 1/2-1/2

[Event "Team men PL chess 2021"]
[Site "?"]
[Date "2021.05.04"]
[Round "4.15"]
[White "Sjugirov, Sanan"]
[Black "Kobalia, Mikhail"]
[Result "1/2-1/2"]
[WhiteElo "2663"]
[BlackElo "2587"]
[PlyCount "106"]
[EventDate "2021.??.??"]

1.d4 d5 2.c4 c6 3.Nf3 Nf6 4.Nc3 dxc4 5.a4 e6 6.e3 c5 7.Bxc4 Nc6
8.O-O cxd4 9.exd4 Be7 10.Qe2 O-O 11.Rd1 Nb4 12.Ne5 Bd7 13.a5
Bc6 14.a6 Nbd5 15.Bd2 Qd6 16.Bxd5 Nxd5 17.Ne4 Qb8 18.Nc5 Bxc5
19.dxc5 Be8 20.Ra3 bxa6 21.Rg3 Ne7 22.Bc3 Nf5 23.Rh3 Qc7 24.Ng4
Qf4 25.Ne3 Bb5 26.Qh5 h6 27.Nxf5 Qxf5 28.Qxf5 exf5 29.Rd6 f6
30.Rf3 Rfe8 31.Rxf5 Rac8 32.f3 Kf7 33.h3 Kg6 34.Rfd5 Re7 35.Bb4
Rec7 36.Kf2 a5 37.Ba3 Re8 38.Rd2 Rce7 39.g4 Re2+ 40.Kg3 Rxd2
41.Rxd2 h5 42.Kf2 Re6 43.b3 a4 44.bxa4 Bxa4 45.Rd6 Rxd6 46.cxd6
a5 47.Kg3 Bc6 48.Bb2 hxg4 49.hxg4 Kf7 50.f4 Ke6 51.g5 fxg5 52.Bxg7
gxf4+ 53.Kxf4 Kxd6 1/2-1/2

[Event "Team men PL chess 2021"]
[Site "?"]
[Date "2021.05.04"]
[Round "4.16"]
[White "Murzin, Volodar"]
[Black "Sarana, Alexey"]
[Result "0-1"]
[WhiteElo "2478"]
[BlackElo "2649"]
[PlyCount "138"]
[EventDate "2021.??.??"]

1.e4 c5 2.Nf3 d6 3.d4 cxd4 4.Qxd4 Nc6 5.Qe3 g6 6.Be2 Bg7 7.O-O
Nf6 8.Rd1 O-O 9.Nc3 Ng4 10.Qf4 Qb6 11.Qg3 Qc5 12.Rd5 Qb6 13.Rd1
Qc5 14.h3 Nge5 15.Ne1 Nd4 16.Bf1 Nec6 17.Be3 f5 18.Qh4 fxe4 19.Nxe4
Nf5 20.Nxc5 Nxh4 21.Bc4+ Kh8 22.Ne6 Bxe6 23.Bxe6 Bxb2 24.Rab1
Bf6 25.Bd5 Rab8 26.g4 g5 27.c4 Rfc8 28.c5 dxc5 29.Bxc5 b6 30.Be3
Ne5 31.Rbc1 Kg7 32.Kf1 Nhg6 33.Ke2 Rxc1 34.Rxc1 Rd8 35.Bb3 b5
36.Ng2 a5 37.Rc5 a4 38.Bc2 Nc4 39.Rxb5 Nxe3 40.fxe3 Bc3 41.Bxa4
Rd2+ 42.Kf1 Rxa2 43.Bd1 h6 44.Rb1 Be5 45.Be2 Bg3 46.Ne1 Ne5 47.Rd1
Kf6 48.Rb1 e6 49.Rd1 Kf7 50.Rb1 Ke7 51.Rd1 Kf6 52.Rb1 Ra3 53.Nc2
Rc3 54.Rb2 Nf7 55.Ba6 Bd6 56.Ke2 Ne5 57.Ne1 Ra3 58.Bb5 Ra1 59.Nd3
Rg1 60.Rd2 Nf7 61.Nf2 Ke7 62.Bc6 Ne5 63.Ba8 Ra1 64.Bg2 Bb4 65.Rd1
Ra2+ 66.Kf1 Nc4 67.Rc1 Nxe3+ 68.Kg1 Nxg2 69.Kxg2 Bd2 0-1

[Event "Team men PL chess 2021"]
[Site "?"]
[Date "2021.05.04"]
[Round "4.17"]
[White "Grachev, Boris"]
[Black "Savchenko, Boris"]
[Result "1/2-1/2"]
[WhiteElo "2619"]
[BlackElo "2538"]
[PlyCount "113"]
[EventDate "2021.??.??"]

1.d4 e6 2.Nf3 c5 3.e3 Nf6 4.c4 d5 5.Nc3 a6 6.cxd5 exd5 7.Be2
c4 8.Ne5 b5 9.O-O Bb7 10.Bf3 Bd6 11.b3 b4 12.Na4 c3 13.a3 a5
14.Nc5 Qc7 15.Ned3 Na6 16.axb4 axb4 17.Nxb7 Qxb7 18.Nf4 Bb8 19.Qc2
O-O 20.Qf5 Nc7 21.Rxa8 Qxa8 22.g4 Rd8 23.g5 Nfe8 24.h4 g6 25.Qg4
Nb5 26.Nxd5 Rxd5 27.Bxd5 Qxd5 28.Qc8 Nbd6 29.Qxb8 Qf3 30.Qxb4
Qg4+ 31.Kh2 Qxh4+ 32.Kg1 Qxg5+ 33.Kh2 Qh4+ 34.Kg1 Qg4+ 35.Kh2
Qe2 36.Kg1 Qg4+ 37.Kh2 Qh4+ 38.Kg1 h5 39.Ba3 Qg4+ 40.Kh2 Qh4+
41.Kg1 Kh7 42.Qb8 Qg4+ 43.Kh2 Qe2 44.Kg1 Ne4 45.Qxe8 Ng5 46.f4
Nh3+ 47.Kh1 Qxf1+ 48.Kh2 Ng5 49.fxg5 Qe2+ 50.Kg1 Qe1+ 51.Kg2
Qe2+ 52.Kg1 Qg4+ 53.Kf2 Qf5+ 54.Ke2 Qc2+ 55.Kf3 Qxb3 56.Qf8 Qd1+
57.Ke4 1/2-1/2

[Event "Team men PL chess 2021"]
[Site "?"]
[Date "2021.05.04"]
[Round "4.18"]
[White "Demidov, Mikhail"]
[Black "Popov, Ivan"]
[Result "0-1"]
[WhiteElo "2523"]
[BlackElo "2630"]
[PlyCount "80"]
[EventDate "2021.??.??"]

1.Nf3 d5 2.e3 c6 3.c4 Bg4 4.cxd5 Bxf3 5.Qxf3 cxd5 6.Bb5+ Nc6
7.Bxc6+ bxc6 8.b3 e6 9.Bb2 Nf6 10.O-O Be7 11.Nc3 Qa5 12.Qe2 O-O
13.Na4 Qb5 14.Rfe1 Rfc8 15.Rac1 Nd7 16.Qg4 Bf8 17.Rc2 c5 18.Rec1
Rc6 19.e4 Qb4 20.d3 d4 21.Qe2 e5 22.f4 exf4 23.Rc4 Qb5 24.Bxd4
Rg6 25.Ba1 Nb6 26.Nxb6 axb6 27.Rf1 Qd7 28.e5 Qd5 29.Rcxf4 Ra7
30.d4 b5 31.dxc5 Bxc5+ 32.Kh1 h6 33.h3 Rga6 34.e6 Rxe6 35.Qxb5
Rxa2 36.Rg4 Rg6 37.Rxg6 fxg6 38.Rg1 Rd2 39.Bc3 Rd3 40.Qe8+ Kh7 0-1

[Event "Team men PL chess 2021"]
[Site "?"]
[Date "2021.05.04"]
[Round "4.19"]
[White "Andreikin, Dmitry"]
[Black "Vitiugov, Nikita"]
[Result "1/2-1/2"]
[WhiteElo "2725"]
[BlackElo "2715"]
[PlyCount "51"]
[EventDate "2021.??.??"]

1.e4 e5 2.Nf3 Nc6 3.d4 exd4 4.Nxd4 Nf6 5.Nxc6 bxc6 6.e5 Qe7 7.Qe2
Nd5 8.c4 Ba6 9.b3 g6 10.f4 d6 11.Qf2 Nf6 12.Be2 dxe5 13.O-O Ne4
14.Qe1 Qc5+ 15.Kh1 Qd4 16.Bf3 Qxa1 17.Qxe4 Bb7 18.Qc2 Bc5 19.Bb2
Qxa2 20.Nc3 Qa5 21.Ra1 Qb6 22.Na4 Qa5 23.Nc3 Qb6 24.Na4 Qa5 25.Nc3
Qb6 26.Na4 1/2-1/2

[Event "Team men PL chess 2021"]
[Site "?"]
[Date "2021.05.04"]
[Round "4.20"]
[White "Matlakov, Maxim"]
[Black "Dreev, Aleksey"]
[Result "1/2-1/2"]
[WhiteElo "2688"]
[BlackElo "2647"]
[PlyCount "59"]
[EventDate "2021.??.??"]

1.e4 c5 2.Nf3 Nf6 3.e5 Nd5 4.Nc3 e6 5.Nxd5 exd5 6.d4 Nc6 7.dxc5
Bxc5 8.Qxd5 d6 9.exd6 Qb6 10.Qe4+ Be6 11.Bc4 Bxf2+ 12.Kd1 O-O-O
13.Bxe6+ fxe6 14.c3 Rxd6+ 15.Kc2 Qc5 16.Bf4 Qd5 17.Qxd5 Rxd5
18.Rhf1 Rf8 19.Bd2 Bb6 20.Rae1 Rf6 21.Rh1 Bc7 22.Re2 h6 23.Rhe1
Kd7 24.Re4 Rg6 25.R1e2 b5 26.a4 a6 27.Nh4 Rf6 28.Nf3 Rg6 29.Nh4
Rf6 30.Nf3 1/2-1/2

[Event "Team men PL chess 2021"]
[Site "?"]
[Date "2021.05.04"]
[Round "4.21"]
[White "Alekseev, Evgeny"]
[Black "Alekseenko, Kirill"]
[Result "1/2-1/2"]
[WhiteElo "2617"]
[BlackElo "2699"]
[PlyCount "31"]
[EventDate "2021.??.??"]

1.e4 e5 2.Nf3 Nc6 3.Bc4 Bc5 4.c3 Nf6 5.d3 d6 6.O-O O-O 7.Bb3
Bb6 8.Nbd2 Ne7 9.Nc4 Ng6 10.h3 c6 11.Nxb6 axb6 12.Re1 Re8 13.Bc2
Be6 14.Ng5 Bc8 15.Nf3 Be6 16.Ng5 1/2-1/2

[Event "Team men PL chess 2021"]
[Site "?"]
[Date "2021.05.04"]
[Round "4.22"]
[White "Esipenko, Andrey"]
[Black "Zvjaginsev, Vadim"]
[Result "1/2-1/2"]
[WhiteElo "2701"]
[BlackElo "2614"]
[PlyCount "44"]
[EventDate "2021.??.??"]

1.d4 Nf6 2.c4 e6 3.Nf3 a6 4.Bg5 Be7 5.Nc3 h6 6.Bh4 d5 7.cxd5
exd5 8.e3 O-O 9.Qc2 Be6 10.Bd3 Nbd7 11.O-O c5 12.dxc5 Nxc5 13.Rad1
Rc8 14.Nd4 Nfe4 15.Bxe7 Qxe7 16.Nce2 Nf6 17.Qb1 Bg4 18.Bf5 Bxe2
19.Nxe2 Rcd8 20.Nd4 Nce4 21.Qc2 g6 22.Bxe4 dxe4 1/2-1/2

[Event "Team men PL chess 2021"]
[Site "?"]
[Date "2021.05.04"]
[Round "4.23"]
[White "Rublevsky, Sergei"]
[Black "Fedoseev, Vladimir"]
[Result "0-1"]
[WhiteElo "2642"]
[BlackElo "2687"]
[PlyCount "80"]
[EventDate "2021.??.??"]

1.e4 c5 2.Nc3 d6 3.Nge2 Nf6 4.g3 g6 5.Bg2 Bg7 6.O-O Nc6 7.d3
O-O 8.Bg5 h6 9.Be3 Rb8 10.h3 b5 11.Qd2 Kh7 12.a3 a5 13.d4 Nd7
14.Rfd1 b4 15.Na4 Ba6 16.dxc5 Bb5 17.axb4 axb4 18.cxd6 exd6 19.Nd4
Nxd4 20.Bxd4 Bxd4 21.Qxd4 Qc7 22.c3 b3 23.Ra3 Ne5 24.c4 Nxc4
25.Rc1 Qd7 26.Rxc4 Bxc4 27.Qxc4 Rfc8 28.Qd4 Rc1+ 29.Kh2 Qc7 {%08DA}
30.Qe3 ( 30.Qf6 ) ( 30.Nc3 Rxc3 31.bxc3 b2 32.Ra7 Qxa7
( 32...Rb7 33.Rxb7 Qxb7 34.e5 ) 33.Qxa7 b1Q 34.Qxf7+ Kh8 35.Qxg6 )
Rc2 31.Ra1 {?} ( 31.e5 dxe5 32.Bd5 ) Qa5 {!} 32.Qf4
( 32.h4 ) Kg7 {%08DA} 33.Qxd6 ( 33.Ra3 Qe1 ) ( 33.Qe3 Rc4 )
( 33.e5 dxe5 34.Qe3 Rd8 ) Rd8 34.Qa3 Rd3 ( 34...Rdd2 35.Rf1 Qa7 )
35.Qe7 Rdd2 36.Nc3 Qxa1 37.Qe5+ Kh7 38.Nd5 Rxd5 39.Qxd5 Rxf2
40.Qxb3 Qf1 0-1

[Event "Team men PL chess 2021"]
[Site "?"]
[Date "2021.05.04"]
[Round "4.24"]
[White "Ponkratov, Pavel"]
[Black "Potkin, Vladimir"]
[Result "1/2-1/2"]
[WhiteElo "2624"]
[BlackElo "2578"]
[PlyCount "53"]
[EventDate "2021.??.??"]

1.d4 Nf6 2.c4 e6 3.Nf3 d5 4.g3 Bb4+ 5.Nc3 O-O 6.Bg2 dxc4 7.O-O
Nc6 8.Qa4 Nd5 9.Qc2 Be7 10.Rd1 Rb8 11.h4 b5 12.Ng5 g6 13.Nf3
Ba6 14.Ne4 Rb6 15.Bg5 Re8 16.Nc5 Qd6 17.e3 Bf8 18.h5 gxh5 19.Ne4
Qb4 20.Bf6 Bg7 21.Bxg7 Kxg7 22.Nc5 Nf6 23.a3 Qa5 24.Nd2 b4 25.axb4
Qb5 26.Qa4 Nxb4 27.Nxa6 1/2-1/2

[Event "Team men PL chess 2021"]
[Site "?"]
[Date "2021.05.05"]
[Round "5.1"]
[White "Motylev, Alexander"]
[Black "Andreikin, Dmitry"]
[Result "1/2-1/2"]
[WhiteElo "2641"]
[BlackElo "2725"]
[PlyCount "39"]
[EventDate "2021.??.??"]

1.e4 e5 2.Nf3 Nc6 3.Bb5 Nf6 4.O-O Nxe4 5.Re1 Nd6 6.Nxe5 Be7 7.Bf1
Nxe5 8.Rxe5 O-O 9.d4 Bf6 10.Re1 Re8 11.Bf4 Rxe1 12.Qxe1 Ne8 13.c3
d5 14.Nd2 Bf5 15.Qe3 Nd6 16.Qg3 Bh4 17.Qf3 Bg5 18.Bxd6 Qxd6 19.Qxf5
Bxd2 20.Qd3 1/2-1/2

[Event "Team men PL chess 2021"]
[Site "?"]
[Date "2021.05.05"]
[Round "5.2"]
[White "Dreev, Aleksey"]
[Black "Goryachkina, Aleksandra"]
[Result "1/2-1/2"]
[WhiteElo "2647"]
[BlackElo "2593"]
[PlyCount "60"]
[EventDate "2021.??.??"]

1.d4 d5 2.c4 c6 3.Nf3 Nf6 4.Qb3 dxc4 5.Qxc4 Bg4 6.Nbd2 Nbd7 7.g3
e6 8.Bg2 Be7 9.Qb3 Nb6 10.O-O Bf5 11.Ne5 Qxd4 12.Ndc4 Nxc4 13.Nxc4
O-O 14.Be3 Qd7 15.Rfd1 Qc8 16.Bf4 Bg6 17.Na5 Nd5 18.Qxb7 Qxb7
19.Nxb7 Bf6 20.Rac1 Nxf4 21.gxf4 Rab8 22.Rd7 Bxb2 23.Rxc6 e5
24.fxe5 Bxe5 25.Bd5 Bf5 26.Re7 Bf6 27.Rec7 Be5 28.Re7 Bf6 29.Rec7
Be5 30.Nd6 Bh3 1/2-1/2

[Event "Team men PL chess 2021"]
[Site "?"]
[Date "2021.05.05"]
[Round "5.3"]
[White "Kobalia, Mikhail"]
[Black "Alekseev, Evgeny"]
[Result "1-0"]
[WhiteElo "2587"]
[BlackElo "2617"]
[PlyCount "137"]
[EventDate "2021.??.??"]

1.e4 c5 2.Nf3 e6 3.d4 cxd4 4.Nxd4 Nc6 5.Nc3 a6 6.Bf4 d6 7.Nxc6
bxc6 8.Qd2 Be7 9.O-O-O e5 10.Bg3 Nf6 11.Bc4 Be6 12.Bxe6 fxe6
13.f4 exf4 14.Bxf4 e5 15.Bg5 O-O 16.Qd3 Qc8 17.Qc4+ Kh8 18.Rhf1
Rb8 19.Bxf6 gxf6 20.Rd3 Rg8 21.g3 Rb6 22.Na4 Rb5 23.Rc3 Qh3 24.Rf2
Rc8 25.Qf7 Qh6+ 26.Kb1 Qg7 27.Qe6 Rc7 28.a3 Rb8 29.Rb3 Rxb3 30.Qxb3
Qg8 31.Qd3 Qc8 32.Nb6 Qb7 33.Nc4 Qb5 34.Rd2 Rb7 35.b3 Rd7 36.Ne3
Kg8 37.c4 Qb6 38.Ka2 Bf8 39.Ng4 Bg7 40.Qf3 Qd8 41.Rd3 a5 42.a4
Kh8 43.Ne3 Bf8 44.Qd1 Qb6 45.Qg4 Qd8 46.Qe6 Qe7 47.Qxe7 Bxe7
48.Nf5 Bf8 49.c5 d5 50.exd5 cxd5 51.c6 Rc7 52.Rxd5 Kg8 53.Rd8
Kf7 54.Rd7+ Rxd7 55.cxd7 Be7 56.b4 Bd8 57.b5 Ke6 58.g4 Kxd7 59.Kb3
Bb6 60.Kc4 Ke6 61.Ng3 Bg1 62.h3 Bf2 63.Ne4 Bb6 64.Kd3 Ba7 65.Kc4
Bb6 66.Nc3 Bg1 67.Nd5 f5 68.gxf5+ Kxf5 69.b6 1-0

[Event "Team men PL chess 2021"]
[Site "?"]
[Date "2021.05.05"]
[Round "5.4"]
[White "Zvjaginsev, Vadim"]
[Black "Tregubov, Pavel V"]
[Result "1/2-1/2"]
[WhiteElo "2614"]
[BlackElo "2560"]
[PlyCount "29"]
[EventDate "2021.??.??"]

1.c4 Nf6 2.Nc3 c5 3.Nf3 Nc6 4.e3 e6 5.d4 d5 6.cxd5 exd5 7.Be2
cxd4 8.exd4 h6 9.Bf4 Bd6 10.Ne5 O-O 11.O-O Re8 12.Nxc6 bxc6 13.Bxd6
Qxd6 14.Qd2 Rb8 15.b3 1/2-1/2

[Event "Team men PL chess 2021"]
[Site "?"]
[Date "2021.05.05"]
[Round "5.6"]
[White "Sychev, Klementy"]
[Black "Savchenko, Boris"]
[Result "1/2-1/2"]
[WhiteElo "2558"]
[BlackElo "2538"]
[PlyCount "81"]
[EventDate "2021.??.??"]

1.e4 c5 2.Nf3 d6 3.d4 cxd4 4.Nxd4 Nf6 5.Nc3 a6 6.Bg5 Nbd7 7.Bc4
Qb6 8.Qd2 Qxb2 9.O-O Qb4 10.Bb3 e6 11.Rad1 Qa5 12.Rfe1 Be7 13.Nd5
Bd8 14.Qc1 exd5 15.exd5+ Ne5 16.f4 Nfg4 17.fxe5 Nxe5 18.Bxd8
Qxd8 19.Nf3 f6 20.Nxe5 fxe5 21.Rf1 Bg4 22.Rde1 Rf8 23.Qe3 Qd7
24.Qb6 Rc8 25.h3 Bf5 26.Ba4 Qxa4 27.Qxd6 Qd4+ 28.Kh1 g6 29.Rxe5+
Kf7 30.g4 Qc3 31.gxf5 Qxh3+ 32.Kg1 Qg3+ 33.Kh1 Qh3+ 34.Kg1 Qg3+
35.Kh1 Kg8 36.f6 Qh3+ 37.Kg1 Qg3+ 38.Kh1 Qh4+ 39.Kg1 Qg4+ 40.Kh1
Qh4+ 41.Kg1 1/2-1/2

[Event "Team men PL chess 2021"]
[Site "?"]
[Date "2021.05.05"]
[Round "5.7"]
[White "Artemiev, Vladislav"]
[Black "Malakhov, Vladimir"]
[Result "1/2-1/2"]
[WhiteElo "2709"]
[BlackElo "2665"]
[PlyCount "67"]
[EventDate "2021.??.??"]

1.e4 e5 2.Nf3 Nc6 3.d4 exd4 4.Nxd4 Bc5 5.Nb3 Bb6 6.Nc3 Nf6 7.Bg5
O-O 8.Be2 h6 9.Bh4 d6 10.O-O Ne5 11.a4 Ng6 12.Bxf6 Qxf6 13.a5
Bc5 14.Nd5 Qxb2 15.Nxc5 dxc5 16.Nxc7 Rb8 17.f4 b5 18.axb6 axb6
19.Rb1 Qa3 20.Rb3 Qa4 21.c4 Bb7 22.f5 Ne5 23.f6 Bxe4 24.Re3 Qc6
25.Nd5 Bxd5 26.cxd5 Qd6 27.Rg3 Ng6 28.Bh5 Rbd8 29.Bxg6 fxg6 30.Rxg6
Qxd5 31.Rxg7+ Kh8 32.Qxd5 Rxd5 33.Rg6 Kh7 34.Rg7+ 1/2-1/2

[Event "Team men PL chess 2021"]
[Site "?"]
[Date "2021.05.05"]
[Round "5.8"]
[White "Inarkiev, Ernesto"]
[Black "Oparin, Grigoriy"]
[Result "1/2-1/2"]
[WhiteElo "2654"]
[BlackElo "2652"]
[PlyCount "76"]
[EventDate "2021.??.??"]

1.d4 Nf6 2.Nf3 e6 3.Bf4 d5 4.e3 Bd6 5.Nbd2 O-O 6.Bd3 c5 7.dxc5
Bxf4 8.exf4 Qc7 9.g3 a5 10.a4 Nbd7 11.Nb3 Ne4 12.O-O Ndxc5 13.Nxc5
Nxc5 14.c3 Nxd3 15.Qxd3 h6 16.Rfe1 Bd7 17.Nd4 Rfe8 18.Re3 Qc5
19.b3 Reb8 20.Qd1 b5 21.axb5 Bxb5 22.f5 exf5 23.Nxf5 Bd7 24.Ne7+
Kh8 25.Nxd5 Bc6 26.Nf4 Bb7 27.Rd3 Qc6 28.Nd5 Rd8 29.c4 a4 30.Rd4
axb3 31.Rxa8 Rxa8 32.Qxb3 Ra1+ 33.Kg2 Rc1 34.Re4 Ba6 35.Qb6 Qxb6
36.Re8+ Kh7 37.Nxb6 Bxc4 38.Nxc4 Rxc4 1/2-1/2

[Event "Team men PL chess 2021"]
[Site "?"]
[Date "2021.05.05"]
[Round "5.9"]
[White "Timofeev, Artyom"]
[Black "Sarana, Alexey"]
[Result "1/2-1/2"]
[WhiteElo "2594"]
[BlackElo "2649"]
[PlyCount "28"]
[EventDate "2021.??.??"]

1.e4 c5 2.Nf3 d6 3.d4 cxd4 4.Qxd4 Nc6 5.Qe3 g6 6.Be2 Bg7 7.O-O
Nf6 8.Rd1 O-O 9.Nc3 Ng4 10.Qf4 Qb6 11.Qg3 Qc5 12.Rd5 Qb6 13.Rd1
Qc5 14.Rd5 Qb6 1/2-1/2

[Event "Team men PL chess 2021"]
[Site "?"]
[Date "2021.05.05"]
[Round "5.10"]
[White "Najer, Evgeniy"]
[Black "Samusenko, Maksim"]
[Result "1-0"]
[WhiteElo "2648"]
[BlackElo "2469"]
[PlyCount "225"]
[EventDate "2021.??.??"]

1.e4 c5 2.Nf3 Nc6 3.Bb5 e5 4.O-O Bd6 5.d4 Nxd4 6.Nxd4 cxd4 7.c3
Bc5 8.b4 Bb6 9.Bb2 a6 10.Ba4 dxc3 11.Nxc3 Bd4 12.Rb1 Ne7 13.Ne2
Bxb2 14.Rxb2 Qb6 15.Qc1 O-O 16.Qc5 Qf6 17.Rd2 b6 18.Qc7 b5 19.Bb3
Nc6 20.Ng3 Ra7 21.Qb6 Qd8 22.Qc5 Rc7 23.Nf5 Nd4 24.Qxe5 Nxf5
25.Qxf5 Qe7 26.Qf4 Rc3 27.e5 Kh8 28.Rd6 Bb7 29.Rfd1 Rc7 30.h4
Bc6 31.h5 Re8 32.R6d3 Rcc8 33.Re3 f6 34.Rde1 fxe5 35.Rxe5 Qf8
36.Rxe8 Rxe8 37.Rxe8 Qxe8 38.h6 d5 39.Qd4 Qe1+ 40.Kh2 Qe7 41.g3
Qg5 42.hxg7+ Qxg7 43.Qf4 Qe7 44.Qd4+ Qg7 45.Qf4 Qe7 46.Bxd5 Bxd5
47.Qd4+ Qg7 48.Qxd5 Qb2 49.Kg2 Qxb4 50.Qa8+ Kg7 51.Qxa6 Qe4+
52.Kh2 Qe2 53.Qa7+ Kg6 54.Qb6+ Kf7 55.Qc7+ Kg6 56.Qd6+ Kg7 57.Qd4+
Kg6 58.a3 Qf3 59.Qc5 Qe2 60.Kg2 Qe4+ 61.Kf1 Qd3+ 62.Kg1 Qb1+
63.Kh2 Qd3 64.Qe3 Qd5 65.g4 Qd6+ 66.Kh3 h6 67.f4 Kf6 68.Kg3 Qd5
69.f5 Qd6+ 70.Kh3 Kf7 71.Qb3+ Kg7 72.Qg3 Qc5 73.Qd3 Qe5 74.Kg2
Qf4 75.Qd7+ Kf8 76.Qd8+ Kf7 77.Qd5+ Kg7 78.Qd7+ Kf8 79.Qc8+ Kg7
80.Qb7+ Kf8 81.Qf3 Qd2+ 82.Kg3 Qd6+ 83.Kh3 Kg7 84.Qc3+ Kf7 85.Qb3+
Kg7 86.Kg2 Qc6+ 87.Kf2 Kf6 88.Qe3 Kf7 89.Qe5 Qc4 90.Kf3 Qd3+
91.Qe3 Qd5+ 92.Kf4 Qd6+ 93.Qe5 Qd2+ 94.Ke4 Qe2+ 95.Kd5 Qf3+ 96.Qe4
Qb3+ 97.Ke5 Qc3+ 98.Kd5 Qb3+ 99.Kc5 Qxa3+ 100.Kxb5 Qe7 101.Qc4+
Kg7 102.Qd4+ Kf7 103.Qd5+ Kg7 104.Kc6 Qe8+ 105.Kd6 Qd8+ 106.Ke5
Qc7+ 107.Ke4 Qc2+ 108.Qd3 Qg2+ 109.Ke5 Qc6 110.Qd4 Qa6 111.Qd7+
Kh8 112.Qe8+ Kg7 113.Qe7+ 1-0

[Event "Team men PL chess 2021"]
[Site "?"]
[Date "2021.05.05"]
[Round "5.11"]
[White "Faizrakhmanov, Ramil"]
[Black "Grachev, Boris"]
[Result "1/2-1/2"]
[WhiteElo "2487"]
[BlackElo "2619"]
[PlyCount "117"]
[EventDate "2021.??.??"]

1.d4 d5 2.c4 c6 3.Nc3 Nf6 4.e3 e6 5.Nf3 Nbd7 6.Qc2 Bd6 7.b3 O-O
8.Be2 b6 9.O-O Bb7 10.Bb2 Qe7 11.Rad1 Rad8 12.Rfe1 Rfe8 13.Bf1
e5 14.dxe5 Nxe5 15.Nxe5 Bxe5 16.cxd5 cxd5 17.Nb5 Rc8 18.Qb1 Ng4
19.Bxe5 Qxe5 20.g3 Qf6 21.Rd2 Ne5 22.Bg2 a6 23.Nd4 g6 24.Qd1
Rc5 25.h4 h5 26.Nf3 Nxf3+ 27.Bxf3 Rec8 28.Kg2 a5 29.Qe2 R8c7
30.Red1 Qf5 31.Rd4 Rc2 32.R1d2 Rxd2 33.Rxd2 Rc5 34.Qd1 Kg7 35.Qa1+
Qf6 36.Qb1 Qc3 37.Qd1 Bc6 38.Rd4 Qb2 39.Rf4 Rc1 40.Qd3 Qc3 41.Qxc3+
Rxc3 42.Rd4 Rc5 43.Rd2 Kf6 44.Kf1 Ke5 45.Ke1 b5 46.Kd1 b4 47.Rd4
Bd7 48.g4 hxg4 49.Bxg4 Be6 50.Kd2 f5 51.Be2 Kf6 52.a3 bxa3 53.Ra4
d4 54.exd4 Bxb3 55.Rxa3 Rc2+ 56.Ke1 Rc1+ 57.Kd2 Rc2+ 58.Ke1 Rc1+
59.Kd2 1/2-1/2